Ecología , Contaminación - Medio Ambiente (Registro nro. 4658)
[ vista simple ]
| 000 -LEADER | |
|---|---|
| fixed length control field | 00969 a2200241 4500 |
| 001 - CONTROL NUMBER | |
| control field | 48630 |
| 005 - DATE AND TIME OF LATEST TRANSACTION | |
| control field | 20260407155751.0 |
| 008 - FIXED-LENGTH DATA ELEMENTS--GENERAL INFORMATION | |
| fixed length control field | 260407a1973 arg spa d |
| 003 - CONTROL NUMBER IDENTIFIER | |
| control field | AR-UNSa-BCEJYS |
| 040 ## - CATALOGING SOURCE | |
| Original cataloging agency | AR-UNSa-BCEJYS |
| Language of cataloging | spa |
| Transcribing agency | AR-UNSa-BCEJYS |
| 080 ## - UNIVERSAL DECIMAL CLASSIFICATION NUMBER | |
| Universal Decimal Classification number | 614.7 |
| Common auxiliary subdivision | Higiene del aire, agua y suelo. Contaminación y su control |
| 100 1# - MAIN ENTRY--PERSONAL NAME | |
| Personal name | Turk, Amos |
| 245 10 - TITLE STATEMENT | |
| Title | Ecología , Contaminación - Medio Ambiente |
| 264 #1 - PRODUCTION, PUBLICATION, DISTRIBUTION, MANUFACTURE, AND COPYRIGHT NOTICE | |
| Place of production, publication, distribution, manufacture | México : |
| Name of producer, publisher, distributor, manufacturer | Interamericana |
| Date of production, publication, distribution, manufacture, or copyright notice | 1973 |
| 300 ## - PHYSICAL DESCRIPTION | |
| Extent | 227 p. |
| Dimensions | 22 cm. |
| 505 ## - FORMATTED CONTENTS NOTE | |
| Formatted contents note | 1. Introducción a la ecología - 2. Medio ambiente agrícola - 3. Pesticidas - 4. Desechos radioactivos - 5. Contaminación del aire - 6. Contaminación del agua - 7. Desechos sólidos - 8. El crecimiento de las poblaciones humanas - 9. Contaminación térmica - 10. El ruido. |
| 590 ## - LOCAL NOTE (RLIN) | |
| Local note | niveau_biblio:m niveau_hierar:0 |
| 700 1# - ADDED ENTRY--PERSONAL NAME | |
| Personal name | Turk, Jonathan |
| 700 1# - ADDED ENTRY--PERSONAL NAME | |
| Personal name | Gerhard, Carlos |
| 700 1# - ADDED ENTRY--PERSONAL NAME | |
| Personal name | Wittes, Janet T. |
| 700 1# - ADDED ENTRY--PERSONAL NAME | |
| Personal name | Aelder, Ottenw |
| 942 ## - ADDED ENTRY ELEMENTS (KOHA) | |
| Koha item type | |
| Withdrawn status | Lost status | Damaged status | Not for loan | Home library | Current library | Shelving location | Date acquired | Total checkouts | Full call number | Barcode | Date last seen | Price effective from | Koha item type |
|---|---|---|---|---|---|---|---|---|---|---|---|---|---|
| Biblioteca Prof. Eusebio Cleto del Rey | Biblioteca Prof. Eusebio Cleto del Rey | 07/04/2026 | 614.7 T939 | L12533 | 07/04/2026 | 07/04/2026 | Libro | ||||||
| Biblioteca Prof. Eusebio Cleto del Rey | Biblioteca Prof. Eusebio Cleto del Rey | 07/04/2026 | 614.7 T939 | L12534 | 07/04/2026 | 07/04/2026 | Libro | ||||||
| Biblioteca Prof. Eusebio Cleto del Rey | Biblioteca Prof. Eusebio Cleto del Rey | 07/04/2026 | 614.7 T939 | L12535 | 07/04/2026 | 07/04/2026 | Libro |